E-chíp : Tạp chí Công nghệ thông tin - viễn thông/
Spremljeno u:
| Autor kompanije: | |
|---|---|
| Format: | Žurnal |
| Jezik: | Vietnamese |
| Izdano: |
TPHCM:
Báo Vietnamnet,
|
| Oznake: |
Dodaj oznaku
Bez oznaka, Budi prvi tko označuje ovaj zapis!
|
| Thư viện lưu trữ: | Thư viện Trường Đại học Đà Lạt |
|---|
| LEADER | 00523nam a2200217 4500 | ||
|---|---|---|---|
| 001 | DLU090065106 | ||
| 040 | # | # | |a DLU |b fvie |
| 041 | # | # | |a vie |
| 245 | # | # | |a E-chíp : |b Tạp chí Công nghệ thông tin - viễn thông/ |b Báo Vietnamnet |
| 260 | # | # | |a TPHCM: |b Báo Vietnamnet, |
| 300 | # | # | |a tr.; |c 28cm |
| 710 | # | # | |a Báo Vietnamnet |
| 994 | # | # | |a DLU |
| 900 | # | # | |a True |
| 911 | # | # | |a Nguyễn Thị Minh Cầm |
| 925 | # | # | |a G |
| 926 | # | # | |a A |
| 927 | # | # | |a TT |
| 980 | # | # | |a Thư viện Trường Đại học Đà Lạt |